Understanding Part L (Record no. 69897)
[ view plain ]
| 000 -LEADER | |
|---|---|
| fixed length control field | 01295cam a2200301 4500 |
| 001 - CONTROL NUMBER | |
| control field | ABS65225 |
| 008 - FIXED-LENGTH DATA ELEMENTS--GENERAL INFORMATION | |
| fixed length control field | 020403n2002 000 0 eng u |
| 035 ## - SYSTEM CONTROL NUMBER | |
| System control number | (Sirsi) u117323 |
| 100 ## - MAIN ENTRY--PERSONAL NAME | |
| Personal name | Williams, A. |
| 245 ## - TITLE STATEMENT | |
| Title | Understanding Part L |
| 260 ## - PUBLICATION, DISTRIBUTION, ETC. | |
| Date of publication, distribution, etc. | 2002 |
| 490 ## - SERIES STATEMENT | |
| Series statement | Architects' Journal |
| Volume/sequential designation | 215(8) 28 February 2002, 55-71(11) |
| 520 ## - SUMMARY, ETC. | |
| Summary, etc. | The revised Building Regulations Approved Document Part L (L1 for domestic, L2 for non-domestic) came into force on 1 April 2002. The series of articles look at some of the key issues for architects - covering energy efficiency; the manufacturing technicalities that need to be implemented early on in the design process; whether Part L exaggerates the effect that changes to architects' designs will have on carbon dioxide emissions and testing the airtightness of buildings. |
| 590 ## - LOCAL NOTE (RLIN) | |
| Local note | ABS |
| 650 ## - SUBJECT ADDED ENTRY--TOPICAL TERM | |
| Topical term or geographic name entry element | BUILDING REGULATIONS APPROVED DOCUMENTS PART L1 |
| 650 ## - SUBJECT ADDED ENTRY--TOPICAL TERM | |
| Topical term or geographic name entry element | BUILDING REGULATION APPROVED DOCUMENTS PART L2 |
| 650 ## - SUBJECT ADDED ENTRY--TOPICAL TERM | |
| Topical term or geographic name entry element | ARCHITECTS |
| 650 ## - SUBJECT ADDED ENTRY--TOPICAL TERM | |
| Topical term or geographic name entry element | AIRTIGHTNESS |
| 650 ## - SUBJECT ADDED ENTRY--TOPICAL TERM | |
| Topical term or geographic name entry element | CARBON DIOXIDE EMISSIONS |
| 650 ## - SUBJECT ADDED ENTRY--TOPICAL TERM | |
| Topical term or geographic name entry element | COMPLIANCE |
| 690 ## - LOCAL SUBJECT ADDED ENTRY--TOPICAL TERM (OCLC, RLIN) | |
| Topical term or geographic name as entry element | BUILT ENVIRONMENT-BUILDING STANDARDS |
| 700 ## - ADDED ENTRY--PERSONAL NAME | |
| Personal name | Evans, H. |
| 700 ## - ADDED ENTRY--PERSONAL NAME | |
| Personal name | Guldberg, H. |
| 700 ## - ADDED ENTRY--PERSONAL NAME | |
| Personal name | Sammonds, P. |
| 700 ## - ADDED ENTRY--PERSONAL NAME | |
| Personal name | Wild, S. |
| 700 ## - ADDED ENTRY--PERSONAL NAME | |
| Personal name | Partington, R. |
| 942 ## - ADDED ENTRY ELEMENTS (KOHA) | |
| Suppress in OPAC | 0 |
| Withdrawn status | Lost status | Source of classification or shelving scheme | Damaged status | Not for loan | Home library | Current library | Shelving location | Date acquired | Total Checkouts | Full call number | Barcode | Date last seen | Copy number | Price effective from | Koha item type |
|---|---|---|---|---|---|---|---|---|---|---|---|---|---|---|---|
| Dewey Decimal Classification | London | London | Journal article | 03/04/2002 | ABS65225 | 117323-1001 | 06/08/2019 | 1 | 06/08/2019 | Journal article |